00449nam a22001337a 450000500170000002000230001703500220004003700130006210000270007524501480010225000100025026000360026030000190029620180629124446.0 a8175052139c120.00 aB-23876, B-023881 aDPLbENG aRanganathananda, Swami aUniversal message of the Bhagavad Gita :bAn exposition of the Gita in the light of modern thought and modern needs /cby Ranganathananda Swami aVol.I aCalcuttabAdvaita Ashramac2000 a519p.c20 cms.